000 00721nam a2200229 i 4500
001 77301
003 ES-MaACL
005 20230906173143.0
007 t|
008 041007s1975 xxu ||||1| eng d
020 _a0-07-025763-9
100 1 _aHamilton, Douglas J.
_961658
245 1 0 _aBasic integrated circuit engineering /
_cDouglas J. Hamilton, William G. Howard.
260 _aNew York :
_bMcGraw-Hill,
_c[1975]
300 _aXVIII, 587 p. ;
_c24 cm.
490 1 _aMotorola series in solid-state electronies
500 _aIndice.
700 1 _aHoward, William G.
_964389
830 0 _aMotorola series in solid-state electronies
_9231341
852 _aES-MaACL
_jL-2427
_bR.111025
999 _c77301
_d77301